[Event "Dutch Open 2013"]
[Site "Dieren NED"]
[Date "2013.07.31"]
[Round "8.8"]
[White "Dijkhuis, Tycho"]
[Black "De Jong, Migchiel"]
[Result "1/2-1/2"]
[BlackTitle "IM"]
[WhiteElo "2152"]
[BlackElo "2345"]
[WhiteFideId "1036564"]
[BlackFideId "1002848"]
[EventDate "2012.07.23"]

1. e4 c5 2. Nf3 e6 3. d4 cxd4 4. Nxd4 a6 5. Nc3 b5 6. Bd3 Qb6 7. Nf3 Qc7 8. O-O
Bb7 9. Re1 Be7 10. e5 f5 11. Nh4 g6 12. Nf3 Nc6 13. a4 b4 14. Nb1 Bf8 15. Nbd2
Na5 16. Nf1 Nh6 17. Qe2 Bg7 18. Bd2 Nc6 19. c3 Nf7 20. cxb4 Ncxe5 21. Nxe5 Qxe5
22. Bc3 Qxe2 23. Rxe2 O-O 24. f4 g5 25. Bxg7 Kxg7 26. g3 gxf4 27. gxf4 Kf6 28.
Kf2 Rg8 29. Ng3 Rg4 30. Ke3 Rc8 31. Rd2 d5 32. Ne2 Rh4 33. Nd4 Rh3+ 34. Kf2
Rxh2+ 35. Ke3 Rh3+ 36. Kf2 Rg8 37. Rg1 Rxg1 38. Kxg1 Nd6 39. Kg2 Rh4 40. Kg3
Rg4+ 41. Kf3 e5 42. fxe5+ Kxe5 43. Nc2 d4+ 44. Kf2 Ne4+ 45. Bxe4 fxe4 46. Rxd4
e3+ 47. Kxe3 Rg3+ 48. Kf2 Rg2+ 49. Ke3 Rxc2 50. Rd7 Bc8 51. Rxh7 Rxb2 52. Rc7
Rb3+ 53. Kd2 Bf5 54. Rc5+ Kf4 55. b5 Rb2+ 56. Kc3 Rc2+ 57. Kd4 Ra2 58. Rc4 Be6
59. Rc6 Rxa4+ 60. Kc5 Ke5 61. Rxa6 Rc4+ 62. Kb6 Bd5 63. Ra1 Rc8 64. Rg1 Kd6 65.
Rg6+ Be6 66. Ka7 Rc7+ 67. Ka8 Ke5 68. Rxe6+ Kxe6 69. b6 Rc1 70. b7 Ra1+ 71. Kb8
Ke7 72. Kc7 Rc1+ 73. Kb6 Kd7 74. b8=Q Rb1+ 75. Ka7 Rxb8 76. Kxb8 1/2-1/2

[Event "Dutch Open 2013"]
[Site "Dieren NED"]
[Date "2013.07.31"]
[Round "8.9"]
[White "Merza, Morris"]
[Black "Pijpers, Arthur"]
[Result "1/2-1/2"]
[WhiteElo "2120"]
[BlackElo "2338"]
[WhiteFideId "1027140"]
[BlackFideId "1019554"]
[EventDate "2012.07.23"]

1. e4 c5 2. c3 d5 3. exd5 Qxd5 4. d4 Nc6 5. Nf3 Bf5 6. dxc5 Qxd1+ 7. Kxd1 O-O-O+
8. Ke1 e5 9. Be3 Nge7 10. Nbd2 Nd5 11. Nc4 f6 12. Rd1 Nxe3 13. Rxd8+ Nxd8 14.
Nxe3 Be6 15. b4 Bxa2 16. Bc4 Bxc4 17. Nxc4 Ne6 18. Nfd2 Be7 19. g3 Nc7 20. Kd1
Nb5 21. Kc2 Kc7 22. Re1 Bd8 23. Ra1 h5 24. Ne4 Be7 25. Ne3 Rd8 26. Kb2 Kb8 27.
c4 Rd4 28. f3 Nc7 29. Nf5 Rd7 30. Nxg7 Bxc5 31. Nxc5 Rxg7 32. Rd1 1/2-1/2

[Event "Dutch Open 2013"]
[Site "Dieren NED"]
[Date "2013.07.31"]
[Round "8.10"]
[White "Gerlagh, Joris"]
[Black "Admiraal, Miguoel"]
[Result "0-1"]
[BlackTitle "FM"]
[WhiteElo "2010"]
[BlackElo "2320"]
[WhiteFideId "1038834"]
[BlackFideId "1019716"]
[EventDate "2012.07.23"]

1. c4 e6 2. Nc3 d5 3. d4 c5 4. Nf3 Nf6 5. cxd5 Nxd5 6. Nxd5 Qxd5 7. Be3 cxd4 8.
Qxd4 Qxd4 9. Nxd4 Bb4+ 10. Bd2 Bxd2+ 11. Kxd2 O-O 12. e4 e5 13. Nf3 Rd8+ 14. Ke3
Nc6 15. Bb5 Nd4 16. Nxd4 exd4+ 17. Kd2 a6 18. Bd3 Be6 19. Rhc1 Rac8 20. a3 Kf8
21. e5 Bd5 22. g3 Ke7 23. Bf5 Rc6 24. f4 f6 25. Rxc6 bxc6 26. exf6+ gxf6 27. b4
a5 28. Kd3 Rb8 29. Kxd4 axb4 30. axb4 Rxb4+ 31. Kc3 Rb3+ 32. Kc2 Rf3 33. Bd3
Rf2+ 34. Kc3 h5 35. Re1+ Kd6 36. Re2 Rf3 37. Kd2 Kc5 38. Re3 Rf2+ 39. Re2 Rf1
40. Re1 Rf3 41. Re3 Kd4 42. Rxf3 Bxf3 43. Bf5 c5 44. h3 Be4 45. Be6 c4 46. g4
c3+ 47. Kc1 h4 48. Bd7 Ke3 49. g5 fxg5 50. f5 g4 51. f6 g3 52. f7 g2 53. f8=N
g1=R# 0-1

[Event "Dutch Open 2013"]
[Site "Dieren NED"]
[Date "2013.08.01"]
[Round "9.3"]
[White "Goudriaan, Etienne"]
[Black "Zakhartsov, Viacheslav V."]
[Result "0-1"]
[WhiteTitle "FM"]
[BlackTitle "GM"]
[WhiteElo "2369"]
[BlackElo "2560"]
[WhiteFideId "1021150"]
[BlackFideId "4115333"]
[EventDate "2012.07.23"]

1. e4 c5 2. Nf3 e6 3. d4 cxd4 4. Nxd4 a6 5. Nc3 Qc7 6. Bd3 Nf6 7. f4 d6 8. Qe2
Nbd7 9. g4 Nc5 10. g5 Nfd7 11. Bd2 g6 12. f5 Ne5 13. Bc4 Nxe4 14. Bb5+ axb5 15.
Ndxb5 Qc6 16. Nxe4 gxf5 17. Nf6+ Kd8 18. O-O-O Rxa2 19. Nc3 Ra1+ 20. Nb1 Nd7 21.
Bb4 Nxf6 22. gxf6 Rg8 23. b3 Ra2 24. Nc3 Rg2 25. Qxg2 Qxg2 26. Nxa2 Qg5+ 27. Kb1
Kc7 28. Rhg1 Qxf6 29. Rg8 Be7 30. Ba5+ b6 31. Bxb6+ Kxb6 32. Rxc8 Qe5 33. Rd3
Bf6 34. Nc3 Qxh2 35. Rf8 Qg1+ 36. Ka2 Be5 37. Rxf7 Qc1 38. Na4+ Kc6 39. Rh3 Qa1# 0-1

[Event "Dutch Open 2013"]
[Site "Dieren NED"]
[Date "2013.08.01"]
[Round "9.4"]
[White "Pruijssers, Roeland"]
[Black "Belkhodja, Slim"]
[Result "0-1"]
[WhiteTitle "GM"]
[BlackTitle "GM"]
[WhiteElo "2549"]
[BlackElo "2432"]
[WhiteFideId "1013068"]
[BlackFideId "600229"]
[EventDate "2012.07.23"]

1. d4 Nf6 2. c4 d6 3. Nc3 Bf5 4. Nf3 g6 5. g3 Ne4 6. Nxe4 Bxe4 7. Bh3 Bg7 8. O-O
O-O 9. d5 Bxf3 10. exf3 Nd7 11. Qe2 c6 12. Be3 a5 13. a4 cxd5 14. cxd5 Nc5 15.
Qb5 Ra6 16. Ra2 Qb6 17. Rc1 Qa7 18. b3 Ra8 19. Rac2 Bf6 20. Bxc5 dxc5 21. Rxc5
Rd6 22. R1c4 Kg7 23. Bc8 Rb6 24. Qd7 Be5 25. f4 Bd6 26. Rb5 Rxb5 27. Qxb5 Rb8
28. Kg2 Qa6 29. h4 Qxb5 30. axb5 b6 31. Rc6 Kf8 32. f5 Bc5 33. g4 Ra8 34. fxg6
hxg6 35. Bb7 Ra7 36. Rc8+ Kg7 37. Ba6 Rd7 38. f3 Rxd5 39. Bb7 Rd2+ 40. Kf1 Rd3
41. Bc6 Rxb3 42. Ra8 Rb2 0-1

[Event "Dutch Open 2013"]
[Site "Dieren NED"]
[Date "2013.08.01"]
[Round "9.5"]
[White "Admiraal, Miguoel"]
[Black "Sethuraman, S.P."]
[Result "1/2-1/2"]
[WhiteTitle "FM"]
[BlackTitle "GM"]
[WhiteElo "2320"]
[BlackElo "2562"]
[WhiteFideId "1019716"]
[BlackFideId "5021596"]
[EventDate "2012.07.23"]

1. d4 g6 2. e4 Bg7 3. Nc3 d6 4. Be3 c6 5. a4 Nf6 6. h3 O-O 7. Nf3 Qa5 8. Bd3 e5
9. dxe5 dxe5 10. O-O Nbd7 11. Qb1 Qb4 12. a5 Nh5 13. Qa2 Nc5 14. Nd5 cxd5 15. c3
Qb3 16. Bxc5 Qxa2 17. Rxa2 Rd8 18. Bc2 h6 19. exd5 Rxd5 20. b4 Be6 21. Raa1 a6
22. Rfe1 Nf4 23. Rab1 f6 24. Be3 g5 25. Bxf4 gxf4 26. Bb3 Rd6 27. Rbd1 Rc6 28.
Bxe6+ Rxe6 29. Rd7 b5 30. Nd4 Ree8 31. Nf5 Bf8 32. g3 Rac8 33. gxf4 Rxc3 34. Kh2
Rf3 35. Rg1+ Kh8 36. Nh4 Rxf2+ 37. Kh1 exf4 38. Ng6+ Kg8 39. Nxf4+ Kh8 40. Ng6+
Kg8 41. Ne5+ Kh8 42. Nf7+ Kh7 43. Ng5+ Kh8 44. Nf7+ Kh7 1/2-1/2

[Event "Dutch Open 2013"]
[Site "Dieren NED"]
[Date "2013.08.01"]
[Round "9.6"]
[White "Maatman, Nick"]
[Black "Van Eijk, Sander"]
[Result "0-1"]
[BlackTitle "IM"]
[WhiteElo "2207"]
[BlackElo "2431"]
[WhiteFideId "1040391"]
[BlackFideId "1011510"]
[EventDate "2012.07.23"]

1. e4 c5 2. Nf3 e6 3. d4 cxd4 4. Nxd4 a6 5. Nc3 Qc7 6. Bd3 Nf6 7. f4 d6 8. Qf3
Nbd7 9. g4 g6 10. g5 Nh5 11. Be3 Bg7 12. Nde2 b5 13. a3 Bb7 14. O-O-O Qa5 15.
Bd2 Qb6 16. Be3 Nc5 17. b4 Nxd3+ 18. Rxd3 Qc7 19. Bd4 Bxd4 20. Nxd4 O-O 21. Rhd1
Rfc8 22. Nb3 d5 23. Nc5 dxe4 24. N3xe4 Bxe4 25. Qxe4 Qxf4+ 26. Qxf4 Nxf4 27. Rd7
a5 28. Kb2 axb4 29. axb4 Nd5 30. Rf1 Rf8 31. Rb7 Ne3 32. Rf3 Nc4+ 33. Kc3 Ra3+
34. Nb3 Nd6 35. Rc7 Ne4+ 36. Kd4 Nxg5 37. Rf1 Raa8 38. h4 e5+ 39. Kxe5 Rfe8+ 40.
Kd5 Ne4 41. Kc6 f5 42. Kxb5 Ra2 43. c3 Ra3 44. Rb1 f4 45. Kc6 f3 46. Nc5 Rxc3
47. Kd7 Nf6+ 48. Kd6 f2 49. Rf1 Ng4 50. Kd5 Ne3+ 51. Kd4 Nxf1 52. Kxc3 Ng3 0-1

[Event "Dutch Open 2013"]
[Site "Dieren NED"]
[Date "2013.08.01"]
[Round "9.7"]
[White "Hendriks, Willy"]
[Black "Van Foreest, Jorden"]
[Result "1/2-1/2"]
[WhiteTitle "IM"]
[WhiteElo "2417"]
[BlackElo "2276"]
[WhiteFideId "1000713"]
[BlackFideId "1039784"]
[EventDate "2012.07.23"]

1. e4 c6 2. d4 d5 3. exd5 cxd5 4. c4 Nf6 5. Nc3 Nc6 6. Bg5 Ne4 7. cxd5 Nxc3 8.
bxc3 Qxd5 9. Nf3 Bg4 10. Qb3 e6 11. Be2 Be7 12. Be3 Qd7 13. O-O O-O 14. h3 Bxf3
15. Bxf3 Na5 16. Qd1 Rac8 17. d5 exd5 18. Bxa7 Rxc3 19. Qxd5 Qxd5 20. Bxd5 Bc5
21. Bxc5 Rxc5 22. Rfd1 g6 23. Rab1 Re8 24. Rd2 Kg7 25. Bf3 Re7 26. Rdb2 h5 27.
h4 Rcc7 28. Rb5 Nc6 29. Bd5 Nd4 30. Rxb7 Ne2+ 31. Kf1 Nc3 32. Bf3 Nxb1 33. Rxb1
Rc2 34. a4 Ra2 35. g3 Rxa4 36. Rb2 Rea7 37. Bd5 R7a5 38. Rd2 Rb4 39. Kg2 Rab5
40. Bf3 Rb2 41. Rxb2 Rxb2 42. Bc6 Kf6 43. Kf3 Ke5 44. Be8 Rb7 45. Bc6 Rb3+ 46.
Ke2 Rb6 47. Ba8 Kd4 48. Kf3 Kd3 49. Bd5 Rd6 50. Ba2 Rf6+ 51. Kg2 Ke2 52. Bc4+
Ke1 53. f4 Kd2 54. Kf3 Kc3 55. Ba2 Kd4 56. Bb3 Kc5 57. Bc2 Kd6 58. Bd3 Ke7 59.
f5 Rd6 60. Be4 gxf5 61. Bxf5 Kf6 62. Kf4 Rb6 63. Be4 Rb5 64. Bf3 Rf5+ 65. Ke3
Ke5 66. Be4 Rf6 67. Bf3 Rh6 68. Be2 f5 69. Bd1 Rg6 70. Kf2 f4 71. gxf4+ Kxf4 72.
Bxh5 Rh6 73. Bf3 Rxh4 74. Bc6 Rh2+ 75. Ke1 Ke3 76. Kd1 Kd3 1/2-1/2

[Event "Dutch Open 2013"]
[Site "Dieren NED"]
[Date "2013.08.01"]
[Round "9.8"]
[White "Heemskerk, Wim"]
[Black "Zakhartsov, Vladimir"]
[Result "0-1"]
[WhiteTitle "FM"]
[WhiteElo "2239"]
[BlackElo "2324"]
[WhiteFideId "1001000"]
[BlackFideId "4145097"]
[EventDate "2012.07.23"]

1. d4 Nf6 2. c4 g6 3. Nf3 Bg7 4. Nc3 d5 5. cxd5 Nxd5 6. g3 c5 7. Bg2 Nc6 8. O-O
cxd4 9. Nxd4 Nxc3 10. bxc3 Bd7 11. Nxc6 Bxc6 12. Bxc6+ bxc6 13. Qxd8+ Rxd8 14.
Be3 Rd7 15. Rab1 f5 16. Rb3 Kf7 17. Rfb1 Rc8 18. Ra3 Rcc7 19. Rbb3 c5 20. Rb5 c4
21. Rb4 Rc8 22. Kg2 Rdc7 23. Rb5 a6 24. Rd5 Rc6 25. Rd2 Ke8 26. Rb2 Be5 27. Kf1
Rb8 28. Rxb8+ Bxb8 29. Ra5 e6 30. Ke1 Bd6 31. Kd2 Kd7 32. Kc2 Be7 33. Bd4 Bd8
34. Rc5 g5 35. h3 h5 36. f3 Rxc5 37. Bxc5 Kc6 38. Bf2 Kd5 39. Kd2 g4 40. hxg4
hxg4 41. Kd1 Bg5 42. Ke1 Bc1 43. Kd1 Bh6 44. Ke1 Kc6 45. Kd1 Kb5 46. Kc2 Ka4 47.
Kb2 gxf3 48. exf3 e5 49. g4 fxg4 50. fxg4 Kb5 51. Kc2 Kc6 52. Kd1 Kd5 53. Ke2
Ke4 54. Bg3 Bg5 55. Bh2 Bc1 56. Bg3 Bh6 57. Bh2 Bf4 58. Bg1 Bg3 59. Be3 Bh4 60.
Bh6 Bd8 61. Be3 Bc7 62. Bh6 Bb6 63. Bc1 Bg1 64. Bh6 Bh2 65. Bg5 Bg3 66. Be3 Bf4
67. Bf2 Bg5 68. Bg3 Bd8 69. Bh2 Ba5 70. Kd2 Kd5 71. Bg3 Bd8 72. Ke2 Bf6 73. Bf2
Bg7 74. Be3 Ke4 75. Bg5 Bf8 76. Bc1 Bc5 77. Bh6 Ba3 78. Bd2 Bb2 79. a4 a5 80. g5
Kf5 81. Kf3 Ba3 82. Be3 Bb2 83. Bd2 Ba3 84. Be3 e4+ 85. Ke2 Bb2 86. Bd2 Ba3 87.
Be3 Be7 88. Bb6 Bxg5 89. Bxa5 Ke5 90. Bb6 Kd5 91. Bd4 Kc6 92. Kf2 Kb7 93. Kg3
Ka6 94. Kg4 Bd2 95. Kf5 Ka5 96. Kxe4 Kxa4 97. Kd5 Kb3 98. Kc5 Bxc3 99. Be3 Bb4+
100. Kb5 c3 101. Bf4 c2 102. Bg5 Be7 103. Bf4 Kb2 104. Kc4 Kb1 105. Kb3 Bf6 106.
Be3 Bb2 107. Bf4 Bc1 108. Bd6 Bg5 109. Ba3 Bf6 0-1

[Event "Dutch Open 2013"]
[Site "Dieren NED"]
[Date "2013.08.01"]
[Round "9.9"]
[White "De Jong, Migchiel"]
[Black "Merza, Morris"]
[Result "1-0"]
[WhiteTitle "IM"]
[WhiteElo "2345"]
[BlackElo "2120"]
[WhiteFideId "1002848"]
[BlackFideId "1027140"]
[EventDate "2012.07.23"]

1. e4 e6 2. d4 d5 3. Nc3 Nc6 4. e5 f6 5. Bb5 Bd7 6. Nf3 Qe7 7. O-O Qf7 8. Re1
O-O-O 9. Rb1 Nge7 10. b4 fxe5 11. Bxc6 Nxc6 12. b5 Nb8 13. Bg5 Re8 14. Nxe5 Qf5
15. Qd2 h6 16. Be3 Bd6 17. Ne2 b6 18. Ng3 Qf6 19. c4 dxc4 20. Ne4 Qe7 21. Ng6
Qf7 22. Nxh8 Rxh8 23. Qc3 Qf5 24. Nxd6+ cxd6 25. Qxc4+ Kb7 26. Qb4 1-0

[Event "Dutch Open 2013"]
[Site "Dieren NED"]
[Date "2013.08.01"]
[Round "9.10"]
[White "Pijpers, Arthur"]
[Black "Kollen, Zyon"]
[Result "1-0"]
[WhiteElo "2338"]
[BlackElo "2209"]
[WhiteFideId "1019554"]
[BlackFideId "1024256"]
[EventDate "2012.07.23"]

1. e4 e6 2. d4 d5 3. Nc3 Bb4 4. e5 c5 5. a3 Bxc3+ 6. bxc3 Ne7 7. a4 Qc7 8. Nf3
b6 9. a5 bxa5 10. Ba3 Ba6 11. c4 Bxc4 12. Bxc4 dxc4 13. Bxc5 O-O 14. Bd6 Qd7 15.
Rxa5 Rc8 16. O-O Nd5 17. Ng5 Nc6 18. Ra3 c3 19. Ne4 Nce7 20. Bc5 Ng6 21. Qf3 a5
22. g3 a4 23. h4 h6 24. h5 Nge7 25. Nxc3 Nxc3 26. Rxc3 Nd5 27. Ra3 Rab8 28. Rfa1
Nb6 29. Qd3 Qd5 30. Bxb6 Rxb6 31. Rxa4 Rbc6 32. Ra5 Qc4 33. Ra8 Qxc2 34. Rxc8+
Rxc8 35. Qxc2 Rxc2 36. Ra8+ Kh7 37. Ra7 Kg8 38. Ra8+ Kh7 39. Ra7 Kg8 40. Kg2 Rd2
41. Ra8+ Kh7 42. Rf8 Rxd4 43. Rxf7 Rd5 44. f4 Ra5 45. Re7 Ra6 46. Re8 Ra2+ 47.
Kh3 Ra6 48. Kg4 Rb6 49. Rd8 Rb7 50. Rd6 Re7 51. f5 exf5+ 52. Kxf5 Ra7 53. Ke6
Ra5 54. g4 Rb5 55. Ra6 Rb8 56. Kd7 Kg8 57. e6 Kf8 58. Ra7 Re8 59. Ra1 Re7+ 60.
Kd6 1-0